[Event "VEN-chT Liga Superior qual"]
[Site "Caracas"]
[Date "2018.01.28"]
[Round "6.5"]
[White "Hernandez M, Emilio Gustavo"]
[Black "Alvarado Arcila, Marvia Josefina"]
[Result "0-1"]
[WhiteElo "1779"]
[BlackElo "1879"]
[PlyCount "76"]
[EventDate "2018.01.26"]
[EventType "team-swiss"]
[EventRounds "6"]
[EventCountry "VEN"]
[SourceTitle "EXT 2022"]
[Source "ChessBase"]
[SourceDate "2021.10.06"]
[SourceVersion "1"]
[SourceVersionDate "2021.10.06"]
[SourceQuality "1"]
[WhiteTeam "Hermandad Gallega de Caracas"]
[BlackTeam "Chicas Super Poderosas"]
[WhiteTeamCountry "VEN"]
[BlackTeamCountry "VEN"]

1. d4 Nf6 2. c4 g6 3. Nc3 Bg7 4. Nf3 d5 5. cxd5 Nxd5 6. e4 Nxc3 7. bxc3 c5 8. Be3 Nc6 9. Rb1 0-0 10. Be2 cxd4 11. cxd4 Qa5+ 12. Bd2 Qxa2 13. d5 Ne5 14. Nxe5 Bxe5 15. 0-0 a5 16. Bh6 Rd8 17. f4 Bg7 18. Bxg7 Kxg7 19. Qd4+ Kg8 20. Bc4 Qa4 21. Ra1 Qd7 22. f5 b5 23. fxg6 hxg6 24. Ba2 Qa7 25. Qf2 Qxf2+ 26. Rxf2 Kg7 27. Raf1 f6 28. e5 f5 29. g4 a4 30. e6 b4 31. Bc4 Ba6 32. Bxa6 Rxa6 33. gxf5 Rxd5 34. f6+ exf6 35. Rxf6 Re5 36. Rf7+ Kh6 37. e7 Rae6 38. R7f4 Re1 0-1

[Event "VEN-ch (Women)"]
[Site "Santo Domingo"]
[Date "2018.01.12"]
[Round "7"]
[White "Alvarado Arcila, Marvia Josefina"]
[Black "Patino Garcia, Corals"]
[Result "0-1"]
[WhiteElo "1879"]
[BlackElo "1997"]
[PlyCount "75"]
[EventDate "2018.01.09"]
[EventType "tourn"]
[EventRounds "11"]
[EventCountry "VEN"]
[SourceTitle "CBM 182 Extra"]
[Source "ChessBase"]
[SourceDate "2018.02.23"]
[SourceVersion "1"]
[SourceVersionDate "2018.02.23"]
[SourceQuality "1"]

1. c4 c6 2. Nc3 d5 3. cxd5 cxd5 4. d4 Nc6 5. e3 Nf6 6. Bd3 e6 7. f4 Bd6 8. Nf3 a6 9. 0-0 Bd7 10. Ne5 b5 11. Qf3 Rc8 12. g4 g6 13. Ne2 Qe7 14. Bd2 Bb4 15. Be1 Bxe1 16. Raxe1 Rc7 17. Rc1 Kd8 18. Rc5 Na5 19. Rfc1 Rxc5 20. dxc5 Nc6 21. Nd4 Kc7 22. Nexc6 Bxc6 23. a4 bxa4 24. Bxa6 Ne4 25. Qe2 Rb8 26. Bd3 Qd7 27. Bxe4 dxe4 28. Qd2 Ra8 29. Qb4 Ra6 30. h3 Qd5 31. Rd1 Kc8 32. Rd2 Qd7 33. Nb5 Qe7 34. Nd6+ Kc7 35. Nxe4 Qh4 36. Kg2 f5 37. Kh2 Bxe4 38. g5 0-1

[Event "VEN-ch (Women)"]
[Site "Santo Domingo"]
[Date "2018.01.10"]
[Round "4"]
[White "Sequeda Mendoza, Nancy Stella"]
[Black "Alvarado Arcila, Marvia Josefina"]
[Result "1-0"]
[WhiteElo "1897"]
[BlackElo "1879"]
[PlyCount "34"]
[EventDate "2018.01.09"]
[EventType "tourn"]
[EventRounds "11"]
[EventCountry "VEN"]
[SourceTitle "CBM 182 Extra"]
[Source "ChessBase"]
[SourceDate "2018.02.23"]
[SourceVersion "1"]
[SourceVersionDate "2018.02.23"]
[SourceQuality "1"]

1. e4 Nf6 2. Nc3 d5 3. e5 Nfd7 4. d4 c5 5. f4 e6 6. Nf3 Nc6 7. Be3 a6 8. dxc5 Bxc5 9. Qd2 b5 10. Be2 Qb6 11. Nd1 d4 12. Bf2 f6 13. exf6 Nxf6 14. Bd3 0-0 15. 0-0 Bb7 16. a3 Qa7 17. Kh1 g6 1-0

[Event "VEN-ch (Women)"]
[Site "Santo Domingo"]
[Date "2018.01.09"]
[Round "1"]
[White "Alvarado Arcila, Marvia Josefina"]
[Black "Luces Camargo, Rosselys Alejandra"]
[Result "1-0"]
[WhiteElo "1879"]
[BlackElo "1882"]
[PlyCount "43"]
[EventDate "2018.01.09"]
[EventType "tourn"]
[EventRounds "11"]
[EventCountry "VEN"]
[SourceTitle "CBM 182 Extra"]
[Source "ChessBase"]
[SourceDate "2018.02.23"]
[SourceVersion "1"]
[SourceVersionDate "2018.02.23"]
[SourceQuality "1"]

1. c4 Nf6 2. Nc3 e6 3. g3 Be7 4. Bg2 Nc6 5. d3 0-0 6. e4 d6 7. Nge2 e5 8. 0-0 Ne8 9. f4 f5 10. Be3 exf4 11. Nxf4 Nf6 12. h3 Ne5 13. exf5 Bxf5 14. g4 Bc8 15. g5 Ne8 16. Bd5+ Kh8 17. d4 c6 18. Be4 Nxc4 19. Qh5 Bf5 20. Ng6+ Kg8 21. Nxf8 Nxe3 22. Bxf5 1-0